| 000 | 00363 a2200157 4500 | ||
|---|---|---|---|
| 001 | 22833 | ||
| 020 | _a9788576832294 | ||
| 040 | _cAnchieta - São Paulo/Itaigara | ||
| 100 | _aSoares, Antonio Macedo | ||
| 240 | 1 | 0 |
_aDiário de um banana _lpor |
| 245 | 1 | 0 | _aDiário de um banana |
| 300 | _a217 | ||
| 362 | 0 | _a2010 | |
| 650 | 4 | _aLiteratura juvenil | |
| 942 | _cBK | ||
| 999 |
_c22833 _d22833 |
||